Free from už nie je luxus
Kategória potravín, ktorým chýba nejaká ich tradičná súčasť, napríklad lepok, laktóza, pridaný cukor či rôzne farbivá, sa čoraz viac dostáva zo špecializovaných regálov kdesi v rohu predajne na prémiovejšie miesta. Dôvod je jasný. Spotrebitelia začali oveľa viac reagovať na to, čo jedia a čo dané po...
Uložené v:
| Hlavný autor: | |
|---|---|
| Médium: | Kapitola |
| Jazyk: | Slovak |
| Predmet: | |
| Tagy: |
Žiadne tagy, Buďte prvý, kto otaguje tento záznam!
|
MARC
| LEADER | 00000naa a2200000 4500 | ||
|---|---|---|---|
| 001 | 0315376 | ||
| 005 | 20260310132140.6 | ||
| 041 | 0 | |a slo | |
| 044 | |a CZ | ||
| 245 | 1 | 0 | |a Free from už nie je luxus |c Peter Kapitán |
| 520 | |a Kategória potravín, ktorým chýba nejaká ich tradičná súčasť, napríklad lepok, laktóza, pridaný cukor či rôzne farbivá, sa čoraz viac dostáva zo špecializovaných regálov kdesi v rohu predajne na prémiovejšie miesta. Dôvod je jasný. Spotrebitelia začali oveľa viac reagovať na to, čo jedia a čo dané potraviny obsahujú. Dopyt pritom už nevychádza len z klinicky diagnostikovaných intolerancií či alergií, ale rastie aj záujem o zdravý životný štýl. | ||
| 610 | 2 | 0 | |a požiadavky na výrobky |
| 610 | 2 | 0 | |a štýl životný |
| 610 | 2 | 0 | |a starostlivosť o zdravie |
| 610 | 2 | 0 | |a dopyt spotrebiteľský |
| 610 | 2 | 0 | |a výživa |
| 100 | 1 | |a Kapitán, Peter | |